Pranavopaasanaa (Record no. 355562)

MARC details
000 -LEADER
fixed length control field 004900000a22002170004500
005 - DATE AND TIME OF LATEST TRANSACTION
control field 20120302062027.0
040 ## - CATALOGING SOURCE
Original cataloging agency MAR
100 ## - MAIN ENTRY--PERSONAL NAME
Personal name Vaidya,Sripad Mahadev
245 ## - TITLE STATEMENT
Title Pranavopaasanaa
250 ## - EDITION STATEMENT
Edition statement 5
260 ## - PUBLICATION, DISTRIBUTION, ETC. (IMPRINT)
Place of publication, distribution, etc Mumbai:Book Salers Va Pub.,1987.
300 ## - PHYSICAL DESCRIPTION
Extent 258p.
365 ## - TRADE PRICE
Price amount 25/-
650 ## - SUBJECT ADDED ENTRY--TOPICAL TERM
Topical term or geographic name as entry element Upaasanaa
650 ## - SUBJECT ADDED ENTRY--TOPICAL TERM
Topical term or geographic name as entry element Pranvopaasanaa
650 ## - SUBJECT ADDED ENTRY--TOPICAL TERM
Topical term or geographic name as entry element Praanaayaam
650 ## - SUBJECT ADDED ENTRY--TOPICAL TERM
Topical term or geographic name as entry element Tatvadnyaan
650 ## - SUBJECT ADDED ENTRY--TOPICAL TERM
Topical term or geographic name as entry element Gayatri Upaasanaa
650 ## - SUBJECT ADDED ENTRY--TOPICAL TERM
Topical term or geographic name as entry element Sandhyaavandanaa
942 ## - ADDED ENTRY ELEMENTS (KOHA)
Koha item type Book
Holdings
Withdrawn status Lost status Damaged status Not for loan Home library Current library Date acquired Total Checkouts Barcode Date last seen Price effective from
        Institute For Oriental Study, Thane Institute For Oriental Study, Thane 12/02/2009   IOS-16622 12/02/2009 12/02/2009